00762nam a2200217 i 4500003000900000005001700009008004100026040004300067082002300110100002600133245008900159264004900248300002400297336002400321337002800345338004300373546002000416650003000436650002100466856005700487EG-GICUC20260323173749.0260323s1953 ua ||||fr|||| 00| 0 eng d aEG-GiCUCbengcEG-GiCUCdEG-GiCUCeRda04221a341.84bBA . A1 aBadr,Amin M.eAuthor. aAlien Corporation In Conflict Of Laws :bA Studt Of Comparative Law /cAmin M.Badr . 1aLe Caire :bImp.Université Fouad ,c1953 . a178 page ; c24 cm. 2rda contenua texte 2rda mediasaOrdinateur 2 transporteur rdaa Ressource en ligne aText in English aPrivate International Law aConflict Of Laws40uhttps://fll.law.cu.edu.eg/fulltext/bks/B12-02882.pdf